000 00810nam a22002657a 4500
001 9817
003 FISKH
005 20260226162557.0
008 260226b cb ||||| |||| 00| 0 eng d
020 _a9780618599332
040 _aFISKH
_beng
_cFISKH
_dFISKH
082 _a978
100 _aAli , Hasim
245 _aMystery food /
_cby Hasim Ali : illustrated by Cornelius Van Wright and Ying-Hwa Hu
260 _aBoston :
_bHoughton Mifflin ,
_c2006.
300 _a8 pages :
_bcolor illustrations ;
_c20 cm .
490 _aHoughton Mifflin Science Leveled Readers
505 _aD
521 8 _a160
_bLexile estimate
521 8 _aD
_bRaz-Plus
700 _aWright , Cornelius Van
_eIllustrator
700 _aHu , Ying-Hwa
_eIllustrator
942 _2ddc
_cBK
_n0
999 _c9817
_d9817